The unity of science and economics : (Record no. 1703)

MARC details
000 -LEADER
fixed length control field 01966cam a22004337i 4500
001 - CONTROL NUMBER
control field data
005 - DATE AND TIME OF LATEST TRANSACTION
control field 20260322212113.0
008 - FIXED-LENGTH DATA ELEMENTS--GENERAL INFORMATION
fixed length control field data
035 ## - SYSTEM CONTROL NUMBER
System control number 18818095
010 ## - LIBRARY OF CONGRESS CONTROL NUMBER
LC control number 2015954963
020 ## - INTERNATIONAL STANDARD BOOK NUMBER
International Standard Book Number 9781493934645
020 ## - INTERNATIONAL STANDARD BOOK NUMBER
International Standard Book Number 1493934643
020 ## - INTERNATIONAL STANDARD BOOK NUMBER
Canceled/invalid ISBN 9781493934669 (eBook)
035 ## - SYSTEM CONTROL NUMBER
System control number (OCoLC)922910994
040 ## - CATALOGING SOURCE
Original cataloging agency BTCTA
Language of cataloging eng
Transcribing agency BTCTA
Description conventions rda
Modifying agency DLC
-- HTM
-- OCLCO
-- OCLCF
-- OCLCO
-- OCLCQ
-- OWS
-- DGU
-- OCL
-- DLC
050 00 - LIBRARY OF CONGRESS CALL NUMBER
Classification number HB71
Item number .C482 2016
082 00 - DEWEY DECIMAL CLASSIFICATION NUMBER
Classification number 330.01
Edition information 23
100 1# - MAIN ENTRY--PERSONAL NAME
Personal name Chen, Jing,
Dates associated with a name 1966-
Relator term author.
245 14 - TITLE STATEMENT
Title The unity of science and economics :
Remainder of title a new foundation of economic theory /
Statement of responsibility, etc. Jing Chan.
264 #1 - PRODUCTION, PUBLICATION, DISTRIBUTION, MANUFACTURE, AND COPYRIGHT NOTICE
Place of production, publication, distribution, manufacture New York :
Name of producer, publisher, distributor, manufacturer Springer,
Date of production, publication, distribution, manufacture, or copyright notice [2016]
264 #4 - PRODUCTION, PUBLICATION, DISTRIBUTION, MANUFACTURE, AND COPYRIGHT NOTICE
Date of production, publication, distribution, manufacture, or copyright notice ©2016
300 ## - PHYSICAL DESCRIPTION
Extent xvi, 136 pages :
Other physical details illustrations ;
Dimensions 24 cm
336 ## - CONTENT TYPE
Content type term text
Content type code txt
Source rdacontent
337 ## - MEDIA TYPE
Media type term unmediated
Media type code n
Source rdamedia
338 ## - CARRIER TYPE
Carrier type term volume
Carrier type code nc
Source rdacarrier
504 ## - BIBLIOGRAPHY, ETC. NOTE
Bibliography, etc. note Includes bibliographical references (pages 127-136).
505 0# - FORMATTED CONTENTS NOTE
Formatted contents note Major factors in biological and social systems -- Resource and technology -- Production : a mathematical theory -- Languages and cultures : an economic analysis -- The entropy theory of mind -- The entropy theory of value : a mathematical theory -- Epilogue : pioneer species and climax species.
650 #0 - SUBJECT ADDED ENTRY--TOPICAL TERM
Topical term or geographic name entry element Economics.
650 #0 - SUBJECT ADDED ENTRY--TOPICAL TERM
Topical term or geographic name entry element Economics, Mathematical.
650 #7 - SUBJECT ADDED ENTRY--TOPICAL TERM
Topical term or geographic name entry element Economics.
Source of heading or term fast
Authority record control number or standard number (OCoLC)fst00902116
650 #7 - SUBJECT ADDED ENTRY--TOPICAL TERM
Topical term or geographic name entry element Economics, Mathematical.
Source of heading or term fast
Authority record control number or standard number (OCoLC)fst00902260
856 42 - ELECTRONIC LOCATION AND ACCESS
Materials specified Publisher description
Uniform Resource Identifier <a href="https://www.loc.gov/catdir/enhancements/fy1618/2015954963-d.html">https://www.loc.gov/catdir/enhancements/fy1618/2015954963-d.html</a>
856 41 - ELECTRONIC LOCATION AND ACCESS
Materials specified Table of contents only
Uniform Resource Identifier <a href="https://www.loc.gov/catdir/enhancements/fy1618/2015954963-t.html">https://www.loc.gov/catdir/enhancements/fy1618/2015954963-t.html</a>
906 ## - LOCAL DATA ELEMENT F, LDF (RLIN)
a 7
b cbc
c pccadap
d 2
e ncip
f 20
g y-gencatlg
925 0# -
-- acquire
-- 1 shelf copy
-- policy default
955 ## - COPY-LEVEL INFORMATION (RLIN)
-- xm06 2016-10-26
963 ## -
-- Ranjitha; phone: (+91) 044-42197750; email: [email protected]; bc: [email protected]
Holdings
Withdrawn status Lost status Damaged status Not for loan Home library Current library Shelving location Date acquired Total checkouts Full call number Barcode Date last seen Price effective from Koha item type
        Springfield Springfield General stacks 22/03/2026   330.01 LOC-SPL-00046 22/03/2026 22/03/2026 Books